Near Eastern culture and society : a symposium on the meeting of East and West.

محفوظ في:

المؤلف الرئيسي: Young, T. Cuyler. (مؤلف)

التنسيق: كتاب

اللغة: English

منشور في: Princeton : Princeton University Press, 1951.

سلاسل: Princeton Oriental studies ; 15.

الموضوعات:

الوسوم: إضافة وسم

لا توجد وسوم, كن أول من يضع وسما على هذه التسجيلة!

رقم الطلب: DS38 .Y6 1951

LEADER 00820namaa2200253 4500
001 20653
003 OSt
005 20260105092255.0
008 130303s1951 njua b 000 0 eng d
040 |c ARCE Library 
043 |a aw----- 
050 4 |a DS38 .Y6 1951 
100 1 |a Young, T. Cuyler.,  |q (Theodore Cuyler),   |e author 
245 1 0 |a Near Eastern culture and society :  |b a symposium on the meeting of East and West. 
264 1 |a Princeton :   |b Princeton University Press,   |c 1951. 
300 |a x, 250 pages :   |b illustrations ;   |c 23 cm. 
490 1 |a Princeton Oriental studies ;   |v 15. 
504 |a Bibliographical footnotes. 
650 0 |a Islamic civilization. 
651 0 |a Middle East  |x Social conditions. 
830 0 |a Princeton Oriental studies ;   |v 15. 
901 |a reviewed 
942 |c BK  |2 lcc 
999 |c 17114  |d 17114